000 01042nam a2200277 c 4500
003 BLK
005 20180420223031.0
008 180408b bul|||||r ||||||| ||bul||
010 _aKNG00065367000
040 _aBLK
041 _aBUL
_cBUL
080 _aБългарска литература
_b821.163.2
_x-32
_z821.163.2-32
100 1 _aПантелеева, Нина Димитрова
_eпърви автор
_9290348
139 _aПантелеева, Нина Димитрова
_bП 19
245 1 0 _aВъртележката
_bПовест
_cНина Димитрова Пантелеева.
257 _aBGR
260 София
_bОФ
_c1988
300 _a136 с.
_c20 см
380 _aX
500 _aИстинското име на авт. е Екатерина Димитрова Пантелеева 18 200 тир
852 _aЦб 155010
856 4 _qpdf
_u
856 4 _qpdf
_u
942 _cKNG
_n0
944 _aCR
_c09.01.2018
_kМикаела_Микова-Илиев
944 _aED
_c10.01.2018
_kМикаела_Микова-Илиев
999 _c61173
_d61173